Double E Geography Answers - Statistics

General Stats
  • This quiz has been taken 258 times
  • The average score is 10 of 18
Answer Stats
Hint Answer % Correct
Largest world island Greenland
94%
Mountain range between France and Spain Pyrenees
93%
Australian state whose capital is Brisbane Queensland
88%
Currenc of India Rupee
85%
Scotland's third most populous city Aberdeen
76%
Statue overlooking the city of Rio de Janeiro Christ the Redeemer
75%
Prime meridian Royal Observatory in London Greenwich
75%
Common family name in Korea Lee
66%
Where Jesus walked on water Sea of Galilee
64%
Westernmost province of the Netherlands Zeeland
46%
Estonia in Estonian Eesti
39%
African gnu Wildebeest
36%
Capital city of French Polynesia Papeete
33%
Main Iroquoian language Cherokee
32%
Marine algae Seaweed
32%
Largest lake in Florida Okeechobee
29%
South African province whose capital is Bloemfontein Free State
23%
North Carolina State nickname Tar Heel State
23%
No matching quizzes found
Score Distribution
Percent of People with Each Score
Percentile by Number Answered
Your Score History
You have not taken this quiz